[Event "8th Sunway Sitges 2021"]
[Site "Sitges ESP"]
[Date "2021.12.16"]
[Round "4.44"]
[White "Vaishali, R"]
[Black "Kanov, Nikola"]
[Result "1-0"]
[WhiteTitle "IM"]
[BlackTitle "CM"]
[WhiteElo "2401"]
[BlackElo "2223"]
[WhiteFideId "5091756"]
[BlackFideId "2928531"]
[EventDate "2021.12.13"]

1. e4 e5 2. Nf3 Nc6 3. Bb5 g6 4. d4 exd4 5. Bg5 Be7 6. Bxe7 Qxe7 7. O-O Qb4 8.
Bxc6 dxc6 9. Qxd4 Qxd4 10. Nxd4 Bd7 11. Nc3 O-O-O 12. f4 Ne7 13. Rad1 Bg4 14.
Nf3 Rxd1 15. Nxd1 Rd8 16. Nc3 Bxf3 17. Rxf3 c5 18. g4 Rd2 19. Rf2 Rd4 20. g5 Kd7
21. Kg2 b5 22. Kf3 a6 23. Ke3 Ke6 24. Rd2 Rxd2 25. Kxd2 c6 26. Ke3 Nc8 27. Nb1
Nb6 28. b3 Nd7 29. Nd2 Nb6 30. Kd3 Nd7 31. Nf3 Kd6 32. Nd2 Ke6 33. Nf1 Nb6 34.
Ne3 Kd6 35. c3 Nd7 36. Ng4 Ke6 37. c4 Kd6 38. Nh6 Ke6 39. Ng8 Kd6 40. h3 Ke6 41.
h4 Kd6 42. Nf6 Nxf6 43. gxf6 Ke6 44. e5 Kf5 45. Ke3 h6 46. Kf3 a5 47. a4 b4 48.
h5 Ke6 49. Kg4 Kd7 50. hxg6 fxg6 51. f5 g5 52. Kh5 1-0

[Event "8th Sunway Sitges 2021"]
[Site "Sitges ESP"]
[Date "2021.12.16"]
[Round "4.45"]
[White "Minko, Dmitry"]
[Black "Daulyte-Cornette, Deimante"]
[Result "1/2-1/2"]
[WhiteTitle "CM"]
[BlackTitle "IM"]
[WhiteElo "2207"]
[BlackElo "2398"]
[WhiteFideId "24188468"]
[BlackFideId "12802859"]
[EventDate "2021.12.13"]

1. e4 c6 2. d4 d5 3. exd5 cxd5 4. Bd3 Nf6 5. c3 Bg4 6. Qb3 Qc7 7. h3 Bd7 8. Nf3
e6 9. O-O Bd6 10. Re1 Bc6 11. a4 Nbd7 12. Be3 O-O 13. Nbd2 h6 14. Qc2 Nh5 15.
Nb3 Rae8 16. a5 f5 17. Ne5 Bxe5 18. dxe5 Nxe5 19. Be2 Nf6 20. Bxa7 Ne4 21. f3
Nd6 22. Nd4 Nd7 23. Bd3 Rf6 24. b4 Nc8 25. Nxc6 bxc6 26. Bf2 Nd6 27. c4 dxc4 28.
Bxc4 Kh8 29. Bf1 e5 30. Rac1 Nc8 31. Qc3 Qb8 32. Red1 Nf8 33. a6 e4 34. Ra1 Na7
35. Qc5 Rf7 36. fxe4 fxe4 37. Bc4 Rfe7 38. Be3 Qg3 39. Ra3 Ng6 40. Bxh6 e3 41.
Bxe3 Re5 42. Bf2 Qxa3 43. Qxa7 Nf4 44. Qf7 Nxh3+ 45. gxh3 Qxh3 46. Qg6 Re4 47.
Qxe4 Rxe4 48. Rd8+ Kh7 49. Bd3 Qg4+ 50. Kf1 Qh3+ 51. Kg1 Qg4+ 52. Kf1 Qh3+ 1/2-1/2

[Event "8th Sunway Sitges 2021"]
[Site "Sitges ESP"]
[Date "2021.12.16"]
[Round "4.46"]
[White "Heredia Serrano, Carla"]
[Black "Papadiamandis, Elliot"]
[Result "0-1"]
[WhiteTitle "WGM"]
[BlackTitle "FM"]
[WhiteElo "2121"]
[BlackElo "2396"]
[WhiteFideId "3603687"]
[BlackFideId "36074160"]
[EventDate "2021.12.13"]

1. e4 c5 2. Nf3 d6 3. Bb5+ Nd7 4. O-O a6 5. Bxd7+ Bxd7 6. c3 Nf6 7. Re1 e6 8. d4
Be7 9. e5 dxe5 10. dxe5 Nd5 11. c4 Nb6 12. Qe2 h6 13. Nc3 Qc7 14. Bf4 Bc6 15.
Ne4 Bxe4 16. Qxe4 O-O-O 17. Red1 Nd7 18. a3 Nb8 19. h3 Nc6 20. Be3 Rd7 21. Rxd7
Qxd7 22. Qg4 Bf8 23. Re1 Qd3 24. Qf4 Qf5 25. Rd1 Qxf4 26. Bxf4 Be7 27. Kf1 b5
28. Rc1 Kd7 29. Be3 Rb8 30. cxb5 Rxb5 31. Rc2 f6 32. a4 Rb4 33. Bxc5 Bxc5 34.
Rxc5 f5 35. Rc2 Rxa4 36. Rd2+ Kc7 37. Rd6 Ra1+ 38. Ke2 Ra2 39. Rxe6 Rxb2+ 40.
Ke3 a5 41. Nd4 Nb4 42. Re7+ Kb6 43. Rd7 Kc5 44. Rc7+ Kd5 45. f4 g5 46. g3 gxf4+
47. gxf4 Rb1 48. e6 Re1+ 49. Kd2 Re4 50. Rd7+ Kc5 51. e7 a4 52. Nf3 Nc6 53. Ne5
Nxe5 54. fxe5 Rxe5 55. Kd3 a3 56. Ra7 Kd6 57. Rxa3 Kxe7 58. Kd4 Re4+ 59. Kd5 Kf6
60. Ra8 Rh4 61. Rf8+ Kg5 62. Ke5 Re4+ 63. Kd5 Re3 64. h4+ Kg4 65. Rf6 h5 66. Kd4
Re2 67. Kd3 Re1 68. Kd4 f4 0-1

[Event "8th Sunway Sitges 2021"]
[Site "Sitges ESP"]
[Date "2021.12.16"]
[Round "4.47"]
[White "Domingo Nunez, Ruben"]
[Black "Nikolic, Vladan"]
[Result "1-0"]
[WhiteTitle "FM"]
[WhiteElo "2395"]
[BlackElo "2221"]
[WhiteFideId "22245570"]
[BlackFideId "1710702"]
[EventDate "2021.12.13"]

1. e4 e5 2. Nf3 Nc6 3. Bc4 Nf6 4. d3 h6 5. c3 d6 6. a4 g5 7. Qb3 Qe7 8. a5 a6 9.
Nbd2 Bg7 10. Nf1 Nd8 11. Ne3 c6 12. h4 Nh5 13. Qd1 g4 14. Nh2 Qxh4 15. g3 Nxg3
16. fxg3 Qxg3+ 17. Kd2 h5 18. Kc2 d5 19. exd5 f5 20. Qe2 f4 21. Nhf1 Qf3 22.
Qxf3 gxf3 23. Nd1 h4 24. Nd2 h3 25. Nf2 Bf6 26. Nxf3 Rg8 27. Ne4 Rg2+ 28. Bd2
Bg7 29. Nd6+ Ke7 30. Nxc8+ Rxc8 31. Rxh3 Nf7 32. Re1 cxd5 33. Bxd5 Rc5 34. Bxb7
Rxa5 35. Nd4 1-0

[Event "8th Sunway Sitges 2021"]
[Site "Sitges ESP"]
[Date "2021.12.16"]
[Round "4.48"]
[White "Setyaki, Azarya Jodi"]
[Black "Halmeenmaki, Tuomo"]
[Result "1-0"]
[WhiteTitle "IM"]
[WhiteElo "2389"]
[BlackElo "2128"]
[WhiteFideId "7101589"]
[BlackFideId "502774"]
[EventDate "2021.12.13"]

1. e4 b6 2. d4 Bb7 3. Nc3 e6 4. Bd3 Bb4 5. Ne2 d6 6. O-O Nd7 7. Nb1 d5 8. e5 g6
9. Nf4 Qc8 10. h4 Ba6 11. h5 Nf8 12. a4 Bxd3 13. Qxd3 a5 14. c3 Be7 15. c4 Qa6
16. b3 g5 17. Ne2 dxc4 18. bxc4 O-O-O 19. Ba3 Nd7 20. Qc2 Bxa3 21. Nxa3 Ne7 22.
Rab1 Nc6 23. f4 gxf4 24. Qe4 Qb7 25. Rxf4 Rhg8 26. Rxf7 Nxd4 27. Qxb7+ Kxb7 28.
Nxd4 Nxe5 29. Rxc7+ Kxc7 30. Nxe6+ Kc6 31. Nxd8+ Rxd8 32. Re1 Ng4 33. Nb5 Rd3
34. Kf1 Nh2+ 35. Ke2 Rg3 36. Kf2 Rg5 37. Re7 Kc5 38. Rxh7 Ng4+ 39. Kf3 Nf6 40.
Rc7+ Kb4 41. Rc6 Nxh5 42. g4 Ng7 43. Rxb6 Kxc4 44. Kf4 Rd5 45. g5 Rf5+ 46. Kg4
Rf1 47. Nc7 Rg1+ 48. Kf4 Rf1+ 49. Ke4 Re1+ 50. Kf3 Rf1+ 51. Ke2 Rf7 52. Nb5 Re7+
53. Kd2 Kb4 54. Nc3+ Kc4 55. Kc2 Rf7 56. Ne4 Kd4 57. Nd2 Rf2 58. Rd6+ Kc5 59.
Rg6 Nf5 60. Kc3 Kd5 61. Ra6 Rg2 62. Rxa5+ Ke6 63. Ra6+ Kd5 64. Ra5+ Ke6 65. Nb3
Rg3+ 66. Kb4 Rg4+ 67. Ka3 Ne3 68. Ra6+ Kd5 69. Nd2 Nc4+ 70. Nxc4 Kxc4 71. Rc6+
Kd5 72. Rb6 Kc5 73. Rb5+ Kc6 74. Rf5 Kb6 75. a5+ Ka6 76. Kb3 Ka7 77. Kc3 1-0

[Event "8th Sunway Sitges 2021"]
[Site "Sitges ESP"]
[Date "2021.12.16"]
[Round "4.49"]
[White "Sorensen, Hampus"]
[Black "Barath, Kalyan M"]
[Result "1/2-1/2"]
[WhiteTitle "IM"]
[WhiteElo "2379"]
[BlackElo "2103"]
[WhiteFideId "8703884"]
[BlackFideId "25016555"]
[EventDate "2021.12.13"]

1. e4 c5 2. Nf3 d6 3. Bb5+ Bd7 4. Bxd7+ Qxd7 5. O-O Nf6 6. Re1 Nc6 7. c3 e6 8.
d4 cxd4 9. cxd4 d5 10. e5 Ne4 11. Nbd2 Nxd2 12. Bxd2 Be7 13. h4 a5 14. h5 O-O
15. h6 g6 16. Be3 a4 17. Nh2 Rfc8 18. Ng4 Na5 19. b3 a3 20. Qf3 Qd8 21. Bd2 Nc6
22. Qf4 Nb8 23. Qe3 Nd7 24. Rec1 b5 25. Qd3 Qb6 26. g3 b4 27. Be3 Qb7 28. Qd2
Rab8 29. Bg5 Bf8 30. Qd3 Ra8 31. Kh2 Rab8 32. Ne3 Ra8 33. Qd2 Qa6 34. Ng4 Qa5
35. Qe2 Rc3 36. Bd2 Rcc8 37. Qd3 Qb6 38. Rxc8 Rxc8 39. Rc1 Rxc1 40. Bxc1 Be7 41.
Be3 Qc6 42. Qd2 Qc3 43. Qe2 Qc6 44. Qd3 Kf8 45. Bd2 Ke8 46. Ne3 Nb8 47. Nc2 Qa6
48. Qxa6 Nxa6 49. Kh3 Kd7 50. Kg4 Kc6 51. Kf3 Kb5 52. Ke2 Nb8 53. Kd3 Nc6 54. g4
f6 55. f4 1/2-1/2

[Event "8th Sunway Sitges 2021"]
[Site "Sitges ESP"]
[Date "2021.12.16"]
[Round "4.50"]
[White "Ayza Ballester, Jordi"]
[Black "Prraneeth, Vuppala"]
[Result "1/2-1/2"]
[WhiteTitle "FM"]
[BlackTitle "CM"]
[WhiteElo "2113"]
[BlackElo "2377"]
[WhiteFideId "2200554"]
[BlackFideId "46622373"]
[EventDate "2021.12.13"]

1. e4 e5 2. Nf3 Nc6 3. Bc4 Bc5 4. d3 Nf6 5. c3 d6 6. O-O h6 7. Re1 O-O 8. h3 a5
9. a4 Bb6 10. Nbd2 Ne7 11. Nf1 Ng6 12. Ng3 Be6 13. Bxe6 fxe6 14. Be3 Bxe3 15.
fxe3 Nd7 16. Rf1 Qe7 17. Qc2 Rf7 18. Rf2 Raf8 19. Raf1 d5 20. d4 Qd6 21. exd5
exd5 22. Ne1 Rxf2 23. Rxf2 Rxf2 24. Qxf2 e4 25. c4 c6 26. c5 Qe6 27. Qd2 Qf6 28.
Qxa5 Qg5 29. Nf1 Nh4 30. Qd2 Nf3+ 31. Nxf3 exf3 32. Qf2 fxg2 33. Qxg2 Qe7 34.
Qf3 b6 35. b4 bxc5 36. bxc5 Nf6 37. Ng3 Qb7 38. Qf5 Qb3 39. Qe6+ Kh7 40. a5 Qd3
41. Nf1 Ne4 42. Qf5+ 1/2-1/2

[Event "8th Sunway Sitges 2021"]
[Site "Sitges ESP"]
[Date "2021.12.16"]
[Round "4.51"]
[White "Bhambure, Shantanu"]
[Black "Namitbir, Singh Walia"]
[Result "1-0"]
[WhiteElo "2377"]
[BlackElo "2093"]
[WhiteFideId "5025931"]
[BlackFideId "35071068"]
[EventDate "2021.12.13"]

1. d4 Nf6 2. c4 g6 3. Nc3 d5 4. Bf4 Bg7 5. e3 O-O 6. Rc1 c5 7. cxd5 Qa5 8. dxc5
Qxc5 9. Nf3 Rd8 10. e4 Qb4 11. Bc7 Rd7 12. Bxb8 Rxb8 13. Qb3 Qa5 14. Bb5 Rd8 15.
O-O Bg4 16. Ne5 a6 17. Bd3 Bc8 18. Nc6 bxc6 19. Qxb8 Nd7 20. Qb3 Nc5 21. Qc4
Nxd3 22. Qxd3 cxd5 23. Nxd5 Bb7 24. b4 1-0

[Event "8th Sunway Sitges 2021"]
[Site "Sitges ESP"]
[Date "2021.12.16"]
[Round "4.52"]
[White "Harsh, Suresh"]
[Black "Aulia, Medina Warda"]
[Result "0-1"]
[BlackTitle "IM"]
[WhiteElo "1922"]
[BlackElo "2367"]
[WhiteFideId "45018464"]
[BlackFideId "7101570"]
[EventDate "2021.12.13"]

1. c4 e6 2. Nf3 Nf6 3. b3 d5 4. e3 Be7 5. Bb2 a5 6. a3 Nbd7 7. d4 O-O 8. Nbd2 b6
9. Bd3 Bb7 10. O-O c5 11. Qe2 a4 12. bxa4 Rxa4 13. cxd5 exd5 14. dxc5 Nxc5 15.
Bb5 Ra7 16. a4 Qa8 17. Qd1 Nfe4 18. Nd4 Bf6 19. N2f3 Rc8 20. Ra3 Nd6 21. Qa1
Nce4 22. Rc1 Nc4 23. Ra2 Ba6 24. Bxc4 dxc4 25. Qb1 c3 26. Ba1 Bc4 27. Ra3 Be7
28. Raxc3 Nxc3 29. Bxc3 Bd5 30. Qb2 Bf6 31. Nf5 Rac7 32. N3d4 Bxg2 33. f3 Bxf3
34. Nd6 Bxd4 35. exd4 Rd8 36. Qxb6 Rc6 37. Qb7 Rcxd6 38. Qxa8 Rxa8 39. Kf2 Bd5
40. a5 Rc6 41. a6 Raxa6 42. Rb1 h5 43. Rb8+ Kh7 44. Bb4 Rab6 45. Rxb6 Rxb6 46.
Be7 Rb3 47. h4 Kg6 48. Bg5 Kf5 49. Ke2 f6 50. Bc1 g5 51. hxg5 fxg5 52. Kf2 h4 0-1

[Event "8th Sunway Sitges 2021"]
[Site "Sitges ESP"]
[Date "2021.12.16"]
[Round "4.53"]
[White "Latifah, Laysa"]
[Black "Meister, Peter"]
[Result "1/2-1/2"]
[BlackTitle "IM"]
[WhiteElo "1897"]
[BlackElo "2359"]
[WhiteFideId "7111541"]
[BlackFideId "4600207"]
[EventDate "2021.12.13"]

1. e4 e6 2. d4 d5 3. exd5 exd5 4. Bd3 Nc6 5. c3 Bd6 6. Ne2 Qh4 7. Nd2 h6 8. Nf3
Qf6 9. Qb3 Nge7 10. h3 O-O 11. Bd2 Na5 12. Qa4 b6 13. O-O-O Bf5 14. Bxf5 Nxf5
15. Bf4 Nc4 16. Ne5 Nxe5 17. dxe5 Bxe5 18. Rxd5 Rfe8 19. Rhd1 Nd6 20. Be3 Nf5
21. Bf4 Nd6 22. Be3 Nf5 23. Bf4 Nd6 1/2-1/2

[Event "8th Sunway Sitges 2021"]
[Site "Sitges ESP"]
[Date "2021.12.16"]
[Round "4.54"]
[White "Ervan, Mohamad"]
[Black "Aaditya, Dhingra"]
[Result "1-0"]
[WhiteTitle "IM"]
[BlackTitle "CM"]
[WhiteElo "2356"]
[BlackElo "2038"]
[WhiteFideId "7102135"]
[BlackFideId "25678191"]
[EventDate "2021.12.13"]

1. e4 e5 2. Nf3 Nc6 3. Bb5 a6 4. Ba4 Nf6 5. O-O Be7 6. Re1 b5 7. Bb3 d6 8. c3
O-O 9. h3 Nb8 10. d4 Nbd7 11. Nbd2 Bb7 12. Bc2 Re8 13. Nf1 Bf8 14. Ng3 g6 15. a4
c5 16. d5 c4 17. Bg5 h6 18. Be3 Nc5 19. Qd2 h5 20. Bg5 Be7 21. Ra2 Nfd7 22. Rea1
Bxg5 23. Nxg5 Nb3 24. Bxb3 cxb3 25. Ra3 Nb6 26. Nf3 h4 27. Nf1 bxa4 28. Qh6 Qf6
29. Ne3 Bc8 30. Ng5 Qg7 31. Qxh4 f6 32. Ne6 Bxe6 33. dxe6 Rxe6 34. Nd5 Nxd5 35.
exd5 Re7 36. Rxa4 Rea7 37. Qc4 a5 38. R1a3 Rc7 39. Qxb3 Rc5 40. Rc4 Qh6 41. Ra1
Rac8 42. Rxc5 Rxc5 43. Qb8+ Qf8 44. Qb7 Qf7 45. Qa8+ Qf8 46. Rxa5 Rxa5 47. Qxa5
Qh6 48. Qd8+ Kf7 49. Qd7+ Kg8 50. Qe8+ Kg7 51. Qe7+ Kg8 52. Qxf6 Qc1+ 53. Kh2 g5
54. b4 Qxc3 55. Qxg5+ Kf7 56. Qf5+ Kg7 57. Qg4+ Kh7 58. Qh4+ 1-0

[Event "8th Sunway Sitges 2021"]
[Site "Sitges ESP"]
[Date "2021.12.16"]
[Round "4.55"]
[White "Gomes, Mary Ann"]
[Black "Dahale, Atul"]
[Result "1-0"]
[WhiteTitle "WGM"]
[WhiteElo "2354"]
[BlackElo "2037"]
[WhiteFideId "5013623"]
[BlackFideId "5037794"]
[EventDate "2021.12.13"]

1. Nf3 Nf6 2. g3 g6 3. Bg2 Bg7 4. O-O O-O 5. d4 d6 6. c4 Nbd7 7. Nc3 e5 8. h3 a6
9. e4 Rb8 10. a4 a5 11. Be3 Re8 12. Qc2 exd4 13. Nxd4 Nc5 14. Rad1 Qe7 15. Rfe1
c6 16. Bf4 Nfd7 17. Ndb5 cxb5 18. Bxd6 Qe6 19. Nxb5 Na6 20. e5 Bxe5 21. Rxe5
Nxe5 22. Bxb8 Qxc4 23. Qd2 Qxa4 24. Bxe5 Rxe5 25. Nc3 Qe8 26. Ne4 Kg7 27. Nd6
Qe6 28. Qc3 f6 29. Qxc8 Re1+ 30. Rxe1 Qxe1+ 31. Bf1 1-0

[Event "8th Sunway Sitges 2021"]
[Site "Sitges ESP"]
[Date "2021.12.16"]
[Round "4.56"]
[White "Megaranto, Susanto"]
[Black "Ojas, Kulkarni"]
[Result "1/2-1/2"]
[WhiteTitle "GM"]
[WhiteElo "2548"]
[BlackElo "2206"]
[WhiteFideId "7101384"]
[BlackFideId "25040073"]
[EventDate "2021.12.13"]

1. e4 c5 2. Nf3 Nc6 3. Bc4 d6 4. d4 cxd4 5. Nxd4 e6 6. Nc3 Nf6 7. Bb3 Be7 8. Be3
a6 9. Qe2 Nxd4 10. Bxd4 b5 11. O-O-O O-O 12. e5 dxe5 13. Bxe5 Qb6 14. Ne4 Nxe4
15. Qxe4 Bg5+ 16. f4 Bb7 17. Qe2 Bh6 18. Kb1 Rfd8 19. Rhf1 Rxd1+ 20. Rxd1 Rd8
21. g4 Rxd1+ 22. Qxd1 Bf3 23. Qf1 Bxg4 24. a4 f6 25. Qg2 fxe5 26. Qxg4 Bxf4 27.
Qf5 Qd6 28. a5 Bd2 29. c3 Bh6 30. Ka2 Kh8 31. Bxe6 Qd8 32. Kb1 Qd1+ 33. Ka2 Qa4+
34. Kb1 Qd1+ 35. Ka2 Qa4+ 36. Kb1 Qd1+ 1/2-1/2

[Event "8th Sunway Sitges 2021"]
[Site "Sitges ESP"]
[Date "2021.12.16"]
[Round "4.57"]
[White "Jimenez Ruano, Adrian"]
[Black "Narciso Dublan, Marc"]
[Result "0-1"]
[WhiteTitle "FM"]
[BlackTitle "GM"]
[WhiteElo "2224"]
[BlackElo "2519"]
[WhiteFideId "22276050"]
[BlackFideId "2201500"]
[EventDate "2021.12.13"]

1. d4 e6 2. c4 c5 3. d5 d6 4. Nc3 g6 5. e4 Bg7 6. Nge2 exd5 7. cxd5 Nd7 8. Be3
a6 9. a4 Ne5 10. f3 f5 11. exf5 Bxf5 12. Ng3 Ne7 13. Be2 O-O 14. O-O Qb6 15. Qd2
Rae8 16. Nh1 h5 17. Nf2 Bd7 18. a5 Qb4 19. Nfe4 Nf5 20. Na2 Qxd2 21. Bxd2 Nd4
22. Bd1 Nc4 23. Bc3 Nb5 24. Rf2 Nxc3 25. bxc3 Bf5 26. Be2 Bxe4 27. Bxc4 Bf5 28.
Rb2 Bc8 29. Kf2 Rf4 30. Bd3 Kf7 31. Bc2 Be5 32. g3 Rf6 33. h4 Kg7 34. Kg2 Rff8
35. Rb6 Bf6 36. Be4 Rd8 37. Rb3 Rd7 38. Nc1 g5 39. Ne2 gxh4 40. Nf4 Kh6 41. gxh4
Rg7+ 42. Kf1 Bxc3 43. Rxc3 Rxf4 44. Rb1 Bf5 45. Bxf5 Rxf5 46. Rd1 Rf4 47. Rb1
Rxh4 48. Rb6 Rd7 49. Rxc5 Ra4 50. Kf2 Kg7 51. Rc1 Rxa5 52. Rd1 Kf6 53. Rb4 Ra2+
54. Kg3 Rg7+ 55. Kh3 b5 56. Re4 Rg6 57. Rde1 Ra3 58. Rf4+ Kg5 59. Rf8 Rd3 60.
Re7 Rf6 61. Rxf6 Kxf6 62. Re6+ Kf5 63. Rxd6 a5 64. Kg3 a4 65. Rh6 a3 66. Rxh5+
Kg6 67. Rh1 b4 68. Kf4 Rxd5 69. Ke4 Rd8 70. Ra1 Rb8 71. Kd3 b3 72. Kc3 b2 0-1

[Event "8th Sunway Sitges 2021"]
[Site "Sitges ESP"]
[Date "2021.12.16"]
[Round "4.58"]
[White "Karthik, Venkataraman"]
[Black "Toncheva, Nadya"]
[Result "0-1"]
[WhiteTitle "GM"]
[BlackTitle "FM"]
[WhiteElo "2506"]
[BlackElo "2197"]
[WhiteFideId "25006479"]
[BlackFideId "2924056"]
[EventDate "2021.12.13"]

1. e4 c5 2. Nf3 e6 3. d4 cxd4 4. Nxd4 Nc6 5. Nc3 Qc7 6. Be3 a6 7. g4 b5 8. Nxc6
Qxc6 9. Qd2 b4 10. Ne2 Qxe4 11. Rg1 Qc4 12. Nf4 Qc7 13. O-O-O Bb7 14. Bh3 Qc6
15. Bg2 Qc8 16. Nh5 Bxg2 17. Rxg2 Nf6 18. Nxf6+ gxf6 19. Bd4 Be7 20. g5 Rg8 21.
gxf6 Rxg2 22. fxe7 Rg6 23. h4 h5 24. Be5 f6 25. Bd6 Qc4 26. Kb1 Kf7 27. Bxb4 d5
28. b3 Qxh4 29. Qc3 Re8 30. Rd3 Qxf2 31. Qc6 Qf4 32. Bc5 h4 33. Kb2 Qf5 34. Bd6
Rgg8 35. Qc3 Rh8 36. Bc5 h3 37. Rf3 h2 38. Rxf5 exf5 39. Bd4 h1=Q 40. Bxf6 Rh6
41. Bd4 Qe4 0-1

[Event "8th Sunway Sitges 2021"]
[Site "Sitges ESP"]
[Date "2021.12.16"]
[Round "4.59"]
[White "Saduakassova, Dinara"]
[Black "Sharan, Rao"]
[Result "0-1"]
[WhiteTitle "IM"]
[WhiteElo "2477"]
[BlackElo "2179"]
[WhiteFideId "13700090"]
[BlackFideId "5073464"]
[EventDate "2021.12.13"]

1. Nf3 d5 2. g3 Nf6 3. Bg2 e6 4. O-O Be7 5. d3 Nc6 6. Nbd2 e5 7. e4 dxe4 8. dxe4
Bc5 9. Qe2 b6 10. Nc4 Ba6 11. c3 O-O 12. b4 Bxb4 13. cxb4 Nd4 14. Nxd4 Qxd4 15.
Bb2 Bxc4 16. Qc2 Qd3 17. Qc1 Rad8 18. Re1 Qd2 19. Bxe5 Qxb4 20. Bxf6 gxf6 21. e5
Bd5 22. exf6 Kh8 23. Qh6 Rg8 24. Bxd5 Rxd5 25. Re7 Qg4 26. Qe3 Rh5 27. Re8 Rf5
28. Rxg8+ Qxg8 29. Qe7 h5 30. Re1 c5 31. Rd1 Qg6 32. Rd6 Kh7 33. Rc6 h4 34. Qxa7
h3 35. Re6 Re5 36. Qxf7+ Qxf7 37. Rxe5 Qxf6 38. f4 Qc6 39. Rh5+ Kg8 40. Rxh3 c4 0-1

[Event "8th Sunway Sitges 2021"]
[Site "Sitges ESP"]
[Date "2021.12.16"]
[Round "4.60"]
[White "Zhukenov, Aituar"]
[Black "Nestorovic, Nikola"]
[Result "0-1"]
[BlackTitle "GM"]
[WhiteElo "2209"]
[BlackElo "2467"]
[WhiteFideId "13719513"]
[BlackFideId "934526"]
[EventDate "2021.12.13"]

1. e4 c5 2. Nf3 d6 3. d4 cxd4 4. Nxd4 Nf6 5. Nc3 Nc6 6. Bg5 g6 7. Bxf6 exf6 8.
Bb5 Bd7 9. Qd2 Bg7 10. Nb3 a6 11. Bxc6 Bxc6 12. O-O-O O-O 13. Qxd6 Qxd6 14. Rxd6
f5 15. Na5 Be5 16. Rdd1 Bxe4 17. Nxe4 fxe4 18. Nxb7 Rfb8 19. Nd6 Bxb2+ 20. Kd2
f5 21. Ke2 Bg7 22. g4 fxg4 23. c4 Rb2+ 24. Ke3 Rc2 25. Kxe4 Rxf2 26. c5 Bf8 27.
Kd5 h5 28. Kc6 Rb2 29. Kd7 Ra7+ 30. Kc8 Rc2 31. Rc1 Bxd6 32. Rxc2 Rc7+ 33. Kd8
Rxc5 34. Rd2 Bc7+ 35. Ke7 Kg7 36. Rf1 Rf5 37. Rdf2 Bxh2 38. Rxf5 gxf5 39. Rxf5
Kg6 40. Rf6+ Kg5 41. Rxa6 g3 42. Kf7 h4 43. Ra5+ Kg4 44. Ra4+ Kh3 45. Kg6 g2 46.
Kh5 Bg3 47. Rc4 Kh2 48. Rc2 Kh1 0-1

[Event "8th Sunway Sitges 2021"]
[Site "Sitges ESP"]
[Date "2021.12.16"]
[Round "4.61"]
[White "Ali, Muhammad Lutfi"]
[Black "Jafarli, Babak"]
[Result "1-0"]
[WhiteTitle "IM"]
[WhiteElo "2399"]
[BlackElo "2175"]
[WhiteFideId "7103743"]
[BlackFideId "13406019"]
[EventDate "2021.12.13"]

1. e4 c6 2. d4 d5 3. exd5 cxd5 4. Bd3 Nc6 5. c3 g6 6. h3 Bg7 7. Bf4 Nf6 8. Nf3
O-O 9. Nbd2 Re8 10. O-O Nh5 11. Bh2 e5 12. dxe5 Nxe5 13. Nxe5 Bxe5 14. Bxe5 Rxe5
15. Nf3 Re8 16. Qa4 Bd7 17. Qd4 Qc7 18. Rfe1 Nf4 19. Bf1 Bf5 20. Rxe8+ Rxe8 21.
Qxa7 Be4 22. Re1 Re7 23. Nd4 Re5 24. Re3 Rg5 25. g3 h5 26. h4 Rg4 27. Nf3 Bxf3
28. Rxf3 g5 29. hxg5 Rxg5 30. Qa4 Ng6 31. Qe8+ Kg7 32. Qe3 f6 33. Bd3 h4 34.
Bxg6 Kxg6 35. Qd4 Qc6 36. Qxh4 d4 37. Qf4 dxc3 38. Rxc3 Qd5 39. Rf3 Qe6 40. Qe3
Qc6 41. Qd3+ Kg7 42. Re3 Rd5 43. Qe4 Rd1+ 44. Kg2 Qc1 45. Qxb7+ Kh6 46. Re8 1-0

[Event "8th Sunway Sitges 2021"]
[Site "Sitges ESP"]
[Date "2021.12.16"]
[Round "4.62"]
[White "Priyanka, Nutakki"]
[Black "Gatineau, Yovann"]
[Result "1-0"]
[WhiteTitle "WIM"]
[BlackTitle "IM"]
[WhiteElo "2187"]
[BlackElo "2384"]
[WhiteFideId "25049615"]
[BlackFideId "26028999"]
[EventDate "2021.12.13"]

1. d4 Nf6 2. c4 Nc6 3. Nf3 e6 4. Bg5 h6 5. Bxf6 Qxf6 6. Nc3 Bb4 7. e3 d6 8. Bd3
O-O 9. O-O Bxc3 10. bxc3 Na5 11. Nd2 b6 12. Qe2 c5 13. Nb3 Nc6 14. Be4 Bb7 15.
Rfb1 cxd4 16. cxd4 d5 17. Bd3 dxc4 18. Bxc4 Qg6 19. Qf1 Nb4 20. Nd2 Nd5 21. Bd3
Qg5 22. Nf3 Qe7 23. Ba6 Rac8 24. a4 Nc3 25. Rb2 Bxa6 26. Qxa6 Rc7 27. h3 Rfc8
28. Ne5 Qd8 29. Rc2 Qd5 30. Rac1 b5 31. Rxc3 Rxc3 32. Rxc3 Rxc3 33. Qxa7 f6 34.
Qf7+ Kh7 35. Nd7 Rc1+ 36. Kh2 Qd6+ 37. f4 Rc8 38. Nxf6+ Kh8 39. Ne8 Rc5 40.
Qxg7# 1-0

[Event "8th Sunway Sitges 2021"]
[Site "Sitges ESP"]
[Date "2021.12.16"]
[Round "4.63"]
[White "Jaferian, Koosha"]
[Black "Heinemann, Josefine"]
[Result "1-0"]
[BlackTitle "WGM"]
[WhiteElo "2179"]
[BlackElo "2369"]
[WhiteFideId "12507440"]
[BlackFideId "12900460"]
[EventDate "2021.12.13"]

1. e4 c5 2. Nc3 d6 3. f4 g6 4. Nf3 Bg7 5. Bc4 Nc6 6. O-O e6 7. d4 cxd4 8. Nb5
Nge7 9. Bb3 O-O 10. Nbxd4 a6 11. c3 Qc7 12. Bc2 Nxd4 13. Nxd4 Qb6 14. Kh1 f5 15.
Nf3 Bd7 16. Re1 Rae8 17. e5 d5 18. Bb3 Qc7 19. Be3 Rc8 20. Qd2 Rfe8 21. Bf2 Qa5
22. Bh4 Nc6 23. Rad1 b5 24. Bf6 Qc7 25. Bxg7 Kxg7 26. Qf2 Na5 27. Nd4 Nc6 28.
Nf3 Na5 29. Re3 Qc5 30. Bxd5 exd5 31. b4 Qc7 32. bxa5 Be6 33. Qh4 Qe7 34. Qxe7+
Rxe7 35. Nd4 Rc4 36. g3 Kf7 37. Red3 Ra4 38. R1d2 Rc7 39. Nxe6 Kxe6 40. Rxd5
Rxa5 41. R5d3 Ra3 42. Kg2 Ke7 43. Rd6 Raxc3 44. Rxa6 Rc2 45. Rxc2 Rxc2+ 46. Kh3
Kf7 47. Ra7+ Kg8 48. Kh4 h6 49. h3 Rc4 50. a3 Kf8 51. Rb7 g5+ 52. Kh5 gxf4 53.
gxf4 Rxf4 54. Kg6 Re4 55. Kf6 Kg8 56. e6 f4 57. e7 f3 58. Rb8+ Kh7 59. e8=Q Rxe8
60. Rxe8 f2 61. Re7+ Kg8 62. Kg6 f1=Q 63. Re8+ Qf8 64. Rxf8+ Kxf8 65. Kxh6 Kf7
66. Kg5 Ke6 67. Kg6 1-0

[Event "8th Sunway Sitges 2021"]
[Site "Sitges ESP"]
[Date "2021.12.16"]
[Round "4.64"]
[White "Roebers, Eline"]
[Black "Fisabilillah, Ummi"]
[Result "0-1"]
[BlackTitle "WIM"]
[WhiteElo "2365"]
[BlackElo "2159"]
[WhiteFideId "1058401"]
[BlackFideId "7104804"]
[EventDate "2021.12.13"]

1. e4 e6 2. d4 d5 3. Nc3 Bb4 4. e5 b6 5. h4 Qd7 6. h5 h6 7. Qg4 Bf8 8. b4 Ne7 9.
Rb1 Nbc6 10. Nf3 Bb7 11. Rh3 Nf5 12. a3 Be7 13. Bd3 O-O-O 14. Ne2 Rdf8 15. c3
Kb8 16. Qf4 Qd8 17. Qh2 Bg5 18. Nd2 Be7 19. Nf1 a6 20. a4 Ka7 21. Bd2 Bc8 22.
Ng1 g5 23. hxg6 fxg6 24. Nf3 h5 25. Ne3 Qe8 26. Bxf5 gxf5 27. g3 Nd8 28. Ra1 Bd7
29. Nh4 Rfg8 30. Nhg2 Nf7 31. f4 Bxa4 32. Kf2 Nh6 33. Rh1 h4 34. gxh4 Qh5 35.
Rg3 Bb5 36. Re1 Rxg3 37. Qxg3 Rg8 38. Qh2 Bd3 39. Qh3 Kb7 40. Bc1 Be4 41. Kg1
Ng4 0-1